000 01493nai a2200253 i 4500
001 193531
003 ES-MaACL
005 20250825022145.0
008 240104s1972 sp ||||| |||| 00| 0 spa d
040 _bspa
_cES-MaACL
080 _201(460)(0.034)
245 0 0 _aBase de datos de editoriales
_h[Recurso electrónico] /
_cAgencia Española del ISBN
260 _aMadrid :
_bDirección General del Libro, Archivos y Bibliotecas,
_c[1972]-
500 _aCobertura temporal: 1972-
520 _aEl Ministerio difunde en esta base de datos información de todas las editoriales españolas que están o han estado en activo desde 1972 hasta la actualidad en el sistema ISBN, así como autores-editores, entidades, empresas, etc. que publican esporádicamente. Los datos proceden de la Agencia Española del ISBN, gestionada por la Federación de Gremios de Editores de España, a quien se los proporciona el propio editor.
538 _aModo de acceso: World Wide Web
650 4 _aEditoriales españolas
_xCatálogos comerciales
_vEn línea
_9234836
710 2 _aAgencia Española del ISBN
_9234835
710 1 _aEspaña.
_bDirección General del Libro, Archivos y Bibliotecas
_9174147
856 4 1 _uhttps://www.cultura.gob.es/webISBN/editorialAvanzadaFilter.do?cache=init&layout=busquedaeditoriales&language=es
_zAcceso al recurso electrónico
942 _n0
_cBBDD
999 _c193531
_d193531